Georgie Porgie : sexual harassment in everyday life /

Bibliographic Details
Main Author: Wise, Sue, 1953-
Other Authors: Stanley, Liz, 1947-
Format: Book
Language:English
Published: London ; New York : Pandora, 1987.
Series:Pandora Press focus
Subjects:

MARC

Tag First Indicator Second Indicator Subfields
LEADER 00000cam a2200000 a 4500
001 in00000014384
005 20151007052212.0
008 860825s1987 enk b 00110 eng
010 |a  86022608  
020 |a 0863580181 (pbk.) :  |c £5.95 ($9.95 U.S.) 
035 |a (OCoLC)14213269 
035 |9 AAA6750AM 
040 |a DLC  |c DLC  |d TXA  |d UtOrBLW 
049 |a TXAM  |c [A11036590] 
050 0 0 |a HD6060.3  |b .W57 1987 
082 0 |a 305.4/2  |2 19 
100 1 |a Wise, Sue,  |d 1953- 
245 1 0 |a Georgie Porgie :  |b sexual harassment in everyday life /  |c Sue Wise and Liz Stanley. 
264 1 |a London ;  |a New York :  |b Pandora,  |c 1987. 
300 |a xii, 235 pages ;  |c 20 cm. 
336 |a text  |b txt  |2 rdacontent 
337 |a unmediated  |b n  |2 rdamedia 
338 |a volume  |b nc  |2 rdacarrier 
490 0 |a Pandora Press focus 
504 |a Bibliography: pages [209]-230. 
500 |a Includes index. 
650 0 |a Sexual harassment of women. 
650 0 |a Sex role in the work environment. 
650 0 |a Sex discrimination in employment. 
700 1 |a Stanley, Liz,  |d 1947- 
999 |a MARS 
999 f f |s 46f06f9a-1507-398a-a0a3-09b1fb54d1bf  |i d2d49371-9c22-3138-8e77-93ef84fb69ec  |t 0 
952 f f |p ric  |a Texas A&M University  |b Rellis Campus  |c Joint Library Facility  |d Remote Storage  |t 0  |e HD6060.3 .W57 1987  |h Library of Congress classification  |i unmediated -- volume  |m A14811036590 
998 f f |a HD6060.3 .W57 1987  |t 0  |l Remote Storage